| 000 | nam a22 7a 4500 | ||
|---|---|---|---|
| 999 |
_c28784 _d28784 |
||
| 008 | 170321b xxu||||| |||| 00| 0 eng d | ||
| 020 | _a13795302x | ||
| 050 |
_aQ175 _b.A33 1989 |
||
| 100 | _aAgnew Neil McK | ||
| 245 |
_aThe science game : _ban introduction to research in the behavioral sciences / _cNeil Mck. Agnew and Sandra W. Pyke. |
||
| 260 |
_aEnglewood Cliffs : _bPrentice-Hall, _c1969. |
||
| 300 |
_aix,188 p. : _b ill. |
||
| 500 | _aInclude index | ||
| 650 |
_aSocial sciences _xResearch. |
||
| 700 | _aSandra W. Pyke. | ||
| 942 |
_2lcc _cBOOKS _hQ175 .A33 1989 |
||